00539nam a2200205Ia 4500003000900000008004100009020001800050040001600068080001500084100001500099245006300114260003400177300001600211490002400227650002100251650001900272650001000291650001700301650001500318IN-BaIIA211028s9999 xx 000 0 eng d a0-8247-8729-3 cIIA Library a535.5bCOL aCollett, E 0aPolarized lightbfundamentals and applicationscE. Collett aNew YorkbMarcel Dekkerc1992 axvii, 581p. aOptical enginnering aClassical optics aCrystal optics aLight aPolarization aReflection